000
00260nam a2200109Ia 4500
008
200302s9999 xx 000 0 und d
100
_a
Alan Gore & Other
245
_a
The English Garden
260
_b
Spring Books Publishing
260
_c
1988
300
_a
256 P.,
999
_c
2254
_d
2254